| 000 | 00924cam a2200289 a 4500 | ||
|---|---|---|---|
| 001 | 3341720 | ||
| 003 | OSt | ||
| 005 | 20160504161533.0 | ||
| 008 | 850820s1985 nyu b 000 0 eng | ||
| 010 | _a 85194786 | ||
| 020 | _a0874472210 (pbk.) | ||
| 040 | _aSEKU | ||
| 043 | _an-us--- | ||
| 050 | 0 | 0 |
_aNX 503 _b.W6 |
| 082 | 0 | 0 |
_a700/.7/1273 _219 |
| 100 | 1 | _aWolf, Dennie. | |
| 245 | 1 | 0 |
_aAcademic preparation in the arts : _bteaching for transition from high school to college. |
| 260 |
_aNew York : _bCollege Entrance Examination Board, _c1985. |
||
| 300 |
_avi, 93 p. ; _c23 cm. |
||
| 500 | _aPrincipal writers: Dennis Palmer Wolf, Thomas Wolf. | ||
| 500 | _a"Educational EQuality Project"--Cover. | ||
| 504 | _aBibliography: p. 86-91. | ||
| 650 | 0 |
_aArts _xStudy and teaching (Secondary) _zUnited States. |
|
| 700 | 1 |
_aWolf, Thomas, _d1945- |
|
| 710 | 2 | _aEducational EQuality Project. | |
| 942 |
_2lcc _cGEN |
||
| 999 |
_c13300 _d13300 |
||